Architectural integration and design of solar thermal systems / (Record no. 355359)

000 -LEADER
fixed length control field 01045cam a22003258a 4500
001 - CONTROL NUMBER
control field 16936216
003 - CONTROL NUMBER IDENTIFIER
control field Nust- CAS-E
005 - DATE AND TIME OF LATEST TRANSACTION
control field 20180118181359.0
008 - FIXED-LENGTH DATA ELEMENTS--GENERAL INFORMATION
fixed length control field 110826s2011 nyu b 001 0 eng
010 ## - LIBRARY OF CONGRESS CONTROL NUMBER
LC control number 2011036353
020 ## - INTERNATIONAL STANDARD BOOK NUMBER
International Standard Book Number 9780415667913
040 ## - CATALOGING SOURCE
Original cataloging agency DLC
Transcribing agency DLC
042 ## - AUTHENTICATION CODE
Authentication code pcc
050 00 - LIBRARY OF CONGRESS CALL NUMBER
Classification number NA2543.T43
Item number M86 2011
082 00 - DEWEY DECIMAL CLASSIFICATION NUMBER
Classification number 720.4724
Edition number 23
Author Mark MUN 2011
100 1# - MAIN ENTRY--PERSONAL NAME
Personal name Munari Probst, Maria Cristina.
245 10 - TITLE STATEMENT
Title Architectural integration and design of solar thermal systems /
Statement of responsibility, etc. Maria Cristina Munari Probst, Christian Roecker.
260 ## - PUBLICATION, DISTRIBUTION, ETC.
Place of publication, distribution, etc. New York :
Name of publisher, distributor, etc. Routledge :
-- EPFL,
Date of publication, distribution, etc. 2011.
263 ## - PROJECTED PUBLICATION DATE
Projected publication date 1109
300 ## - PHYSICAL DESCRIPTION
Extent p. cm.
504 ## - BIBLIOGRAPHY, ETC. NOTE
Bibliography, etc. note Includes bibliographical references and index.
650 #0 - SUBJECT ADDED ENTRY--TOPICAL TERM
Topical term or geographic name entry element Architecture and technology.
650 #0 - SUBJECT ADDED ENTRY--TOPICAL TERM
Topical term or geographic name entry element Architectural design.
650 #0 - SUBJECT ADDED ENTRY--TOPICAL TERM
Topical term or geographic name entry element Buildings
General subdivision Environmental engineering.
650 #0 - SUBJECT ADDED ENTRY--TOPICAL TERM
Topical term or geographic name entry element Solar energy.
700 1# - ADDED ENTRY--PERSONAL NAME
Personal name Roecker, Christian.
906 ## - LOCAL DATA ELEMENT F, LDF (RLIN)
a 7
b cbc
c orignew
d 1
e ecip
f 20
g y-gencatlg
942 ## - ADDED ENTRY ELEMENTS (KOHA)
Source of classification or shelving scheme
Koha item type Book
Holdings
Withdrawn status Lost status Source of classification or shelving scheme Damaged status Not for loan Collection code Permanent Location Current Location Shelving location Date acquired Source of acquisition Total Checkouts Full call number Barcode Date last seen Date last checked out Cost, replacement price Price effective from Koha item type
            US-Pakistan Center for Advanced Studies in Energy (USPCAS-E) US-Pakistan Center for Advanced Studies in Energy (USPCAS-E) General Stacks 04/22/2013 Victoria co 1 720.4724 MUN 2011 CAS-E0000252 11/19/2015 11/06/2015 11681.00 04/29/2014 Book
© 2023 Central Library, National University of Sciences and Technology. All Rights Reserved.